Fronties in Drug Design and Discovery (Vol-5) (Record no. 24768)
[ view plain ]
| 000 -LEADER | |
|---|---|
| fixed length control field | 00327nam a22000977a 4500 |
| 008 - FIXED-LENGTH DATA ELEMENTS--GENERAL INFORMATION | |
| fixed length control field | 150330b xxu||||| |||| 00| 0 eng d |
| 020 ## - INTERNATIONAL STANDARD BOOK NUMBER | |
| International Standard Book Number | 978-1-60805-203-5 |
| Terms of availability | Available |
| 082 ## - DEWEY DECIMAL CLASSIFICATION NUMBER | |
| Classification number | 615.1078RAH |
| Author Mark | 002838 |
| 245 ## - TITLE STATEMENT | |
| Title | Fronties in Drug Design and Discovery (Vol-5) |
| Statement of responsibility, etc. | Rahman-Ur-Atta |
| Medium | English |
| 260 ## - PUBLICATION, DISTRIBUTION, ETC. | |
| Place of publication, distribution, etc. | USA |
| Name of publisher, distributor, etc. | Bentham Science Publisher |
| Date of publication, distribution, etc. | 2014 |
| Withdrawn status | Lost status | Source of classification or shelving scheme | Materials specified (bound volume or other part) | Damaged status | Use restrictions | Not for loan | Collection code | Permanent Location | Current Location | Shelving location | Date acquired | Total Checkouts | Full call number | Barcode | Date last seen | Price effective from | Koha item type |
|---|---|---|---|---|---|---|---|---|---|---|---|---|---|---|---|---|---|
| Volume -5 | Restricted Access | Central Library (CL) | Central Library (CL) | 03/30/2015 | 615.1078RAH | RCMS002838 | 03/30/2015 | 03/30/2015 | Book |
